Anteproyecto arquitectónico de Centro Ecoturístico de Montaña IL TRAMONTO orientado a la sustentabilidad, en el municipio de El Tuma- La Dalia, departamento de Matagalpa

Presenta un anteproyecto de centro ecoturístico de montaña orientado a la sustentabilidad en el municipio de El Tuma-La Dalia; el ecoturismo de montaña se puede definir como la actividad turística que se desarrolla sin afectar la armonía del medio ambiente, impidiendo los perjuicios a la natura...

Full description

Bibliographic Details
Main Authors: Flores Gómez, Joshua Emmanuel, Pérez Hernández, Junior José, Castillo Gaitán, Rodolfo Alejandro
Other Authors: Tutor: Treminio Sandoval, Juan Pablo
Format: Tesis Section = Libro
Language:Undetermined
Spanish
Published: Managua UNI 2021
Subjects:
LEADER 01310nam a2200289Ia 4500
008 240830s9999 xx 000 0 und d
040 |a BIBLIOTECA-RUSB/ Mon 728.5 F634 
041 |a spa 
082 |a Mon 728.5 F634 
100 1 |a Flores Gómez, Joshua Emmanuel 
100 1 |b Pérez Hernández, Junior José 
100 1 |c Castillo Gaitán, Rodolfo Alejandro 
245 1 0 |a Anteproyecto arquitectónico de Centro Ecoturístico de Montaña IL TRAMONTO orientado a la sustentabilidad, en el municipio de El Tuma- La Dalia, departamento de Matagalpa 
260 |a Managua  |b UNI  |c 2021 
300 |a 160 p. :il. 
500 |a Contiene: anexos y CD. 
502 |a Tesis (Arquitecto) - UNI, 2021. 
520 3 |a Presenta un anteproyecto de centro ecoturístico de montaña orientado a la sustentabilidad en el municipio de El Tuma-La Dalia; el ecoturismo de montaña se puede definir como la actividad turística que se desarrolla sin afectar la armonía del medio ambiente, impidiendo los perjuicios a la naturaleza. 
650 7 |a DISEÑO ARQUITECTONICO 
650 7 |b  CENTRO ECOTURISTICO 
650 7 |c  HOTEL- MODELOS ANALOGOS 
650 7 |d  TURISMO RECREATIVO 
650 7 |e  IMPACTO AMBIENTAL 
700 1 |a Tutor:  |b Treminio Sandoval, Juan Pablo 
942 |c BK  |2 ddc 
991 |a TESIS 
999 |c 22125